| 000 | 01201cam a22002891i 4500 | ||
|---|---|---|---|
| 003 | SA-RiAUC | ||
| 005 | 20250129070315.0 | ||
| 008 | 250122s1983 su g 00000 ara c | ||
| 040 |
_aSA-RiKSU _bara _cSA-RiAUC _erda |
||
| 041 | 1 |
_aara _hund |
|
| 082 | 0 | 4 |
_a001.4 _qSA-RiAUC |
| 090 |
_a001.4 _bس م ي |
||
| 100 | 1 |
_aسميث، لويس م. _eمؤلف. |
|
| 245 | 1 | 2 |
_aالدليل إلى كتابة البحوث الجامعية ورسائل الماجستير والدكتوراه / _cل. و. سميث، ل. ج. بيكفورد ؛ تعريب عبد الوهاب إبراهيم أبو سليمان. |
| 250 | _aالطبعة الثانية. | ||
| 264 | 1 |
_aجدة، السعودية : _bتهامة، _c1983 |
|
| 300 |
_a134 صفحة ؛ _c20 سم |
||
| 336 |
_aنص _btxt _2rdacontent _3كتاب |
||
| 337 |
_aبدون وسيط _bn _2rdamedia |
||
| 338 |
_aمجلد _bnc _2rdacarrier |
||
| 650 | 7 |
_aكتابة الرسائل _2aucsh |
|
| 650 | 7 |
_aالبحث _2aucsh |
|
| 700 | 1 |
_aبيكفورد، ل. ج. _eمؤلف. |
|
| 700 | 1 |
_aأبو سليمان، عبد الوهاب إبراهيم محمد، _d1355-1444 هجري _eمعرب. |
|
| 942 |
_2ddc _cBOOK _n0 |
||
| 949 |
_aSA-JeALM _d250122 _uosman123 _n1 |
||
| 999 |
_c5384 _d5384 |
||